Legume Dishes - Sudden Death - Statistics

General Stats
  • This quiz has been taken 54 times
  • The average score is 5 of 16
Answers on the Grid
Answers color-coded by a green-red scale on the quiz's grid according to % correct below.
Cassoulet
Fabada asturiana
Fabes con almejas
Brazilian-style feijoada
Hummus
Falafel
Lablabi
Mujaddara
Pasta e fagioli
Linsen mit Spätzle
Umngqusho
Dal tadka and naan
Fèves au lard / Bines
Lobio
Tavče gravče
Amanattō
Kokotxas / Cocochas
Cacio e pepe
BLT
Tabbouleh
Caprese salad
Caesar salad
Krówki
Blanquette de veau
Gnocchi alla romana
Malfouf salad
Badische Schneckensuppe
Pastrami on rye
 
Answer Stats
Answer % Correct
Falafel
66%
Hummus
63%
Cassoulet
51%
Brazilian-style feijoada
37%
Pasta e fagioli
37%
Dal tadka and naan
31%
Fabes con almejas
31%
Fèves au lard / Bines
31%
Fabada asturiana
29%
Amanattō
26%
Mujaddara
26%
Linsen mit Spätzle
20%
Umngqusho
20%
Tavče gravče
17%
Lablabi
11%
Lobio
6%
No matching quizzes found
Score Distribution
Percent of People with Each Score
Percentile by Number Answered
Your Score History
You have not taken this quiz